[Event "GRENKE Chess Open 2024"]
[Site "Karlsruhe"]
[Date "2024.03.30"]
[Round "5.9"]
[White "Lumachi, Gabriele"]
[Black "Chigaev, Maksim"]
[Result "0-1"]
[WhiteElo "2413"]
[BlackElo "2617"]
[Annotator "TA"]
[PlyCount "104"]
[EventDate "2024.03.28"]
[EventType "swiss"]
[EventCountry "GER"]
[SourceTitle "playchess.com"]
[Source "ChessBase"]
[SourceQuality "1"]

1. d4 Nf6 2. Nf3 d5 3. c4 e6 4. Nc3 dxc4 5. e4 b5 6. Nxb5 Nxe4 7. Qa4 Nd7 8. Qxc4 Bd6 9. Qc6 Bb4+ 10. Nd2 Nxd2 11. Bxd2 Bxd2+ 12. Kxd2 Qg5+ 13. Ke1 Rb8 14. Nxc7+ Kd8 15. Nb5 Rb6 16. Qc7+ Ke7 17. a4 a6 18. Na3 Qa5+ 19. Qc3 Qxa4 20. Bc4 Bb7 21. Nc2 Qc6 22. Ne3 Nf6 23. Qa3+ Qd6 24. Qxd6+ Rxd6 25. Ke2 Rxd4 26. Bxa6 Rb4 27. Rhb1 Ra8 28. Bxb7 Rxa1 29. Rxa1 Rxb2+ 30. Kf3 Rxb7 31. g4 h6 32. Ra6 Nd7 33. Ra5 f6 34. Ra1 Rb4 35. Kg3 g6 36. Ra5 Re4 37. Kf3 f5 38. gxf5 gxf5 39. Ra7 Rd4 40. Nc2 Rd2 41. Ne1 Kf6 42. Ke3 Rd1 43. Ke2 Rd4 44. Nf3 Re4+ 45. Kf1 Nf8 46. Rb7 h5 47. Nd2 Ra4 48. Rb1 Ng6 49. Kg1 Nf4 50. Nf3 Ra3 51. Nh4 Kg5 52. Ng2 Nh3+ 0-1

[Event "GRENKE Chess Open 2024"]
[Site "Karlsruhe"]
[Date "2024.03.30"]
[Round "5.9"]
[White "Zysk, Robert"]
[Black "Nasuta, Grzegorz"]
[Result "0-1"]
[WhiteElo "2380"]
[BlackElo "2552"]
[Annotator "TA"]
[PlyCount "39"]
[EventDate "2024.03.28"]
[EventType "swiss"]
[EventCountry "GER"]
[SourceTitle "playchess.com"]
[Source "ChessBase"]
[SourceQuality "1"]

1. d4 Nf6 2. Nf3 d5 3. c4 e6 4. Nc3 dxc4 5. e4 b5 6. Nxb5 Nxe4 7. Qa4 Nd7 8. Qxc4 Bd6 9. Qc6 Bb4+ 10. Nd2 Nxd2 11. Bxd2 Bxd2+ 12. Kxd2 Qg5+ 13. Ke1 Rb8 14. Nxc7+ Kd8 15. Nb5 Rb6 16. Qc7+ Ke7 17. a4 a6 18. Na3 Qa5+ 19. Qc3 Qxa4 20. Bc4 0-1

[Event "GRENKE Chess Open 2024"]
[Site "Karlsruhe"]
[Date "2024.03.30"]
[Round "5.9"]
[White "Kopylov, Daniel"]
[Black "Gustain, Marc"]
[Result "1-0"]
[WhiteElo "2346"]
[BlackElo "2174"]
[Annotator "RC"]
[PlyCount "169"]
[EventDate "2024.03.28"]
[EventType "swiss"]
[EventCountry "GER"]
[SourceTitle "playchess.com"]
[Source "ChessBase"]
[SourceQuality "1"]

1. d4 d5 2. c4 dxc4 3. Nf3 Nf6 4. e3 Bg4 5. Bxc4 e6 6. O-O a6 7. b4 Bd6 8. h3 Bh5 9. Nbd2 O-O 10. Qb3 Nbd7 11. Bb2 Qe7 12. a3 Rfd8 13. e4 e5 14. Rfe1 Bg6 15. dxe5 Nxe5 16. Bxe5 Bxe5 17. Nxe5 Qxe5 18. Nf3 Qf4 19. g3 Qh6 20. e5 Ne4 21. Bd5 Ng5 22. Nxg5 Qxg5 23. Bxb7 Rab8 24. Bxa6 c5 25. Bf1 cxb4 26. axb4 h5 27. h4 Qg4 28. b5 Bf5 29. Bc4 Kh8 30. Bxf7 Rd3 31. Qb2 Be4 32. Rxe4 Qxe4 33. Bxh5 Rbd8 34. Rf1 Rd2 35. Qc3 R2d3 36. Qc7 R3d7 37. Qc6 Qxe5 38. Bf3 Rd6 39. Qc4 Rd4 40. Qe2 Qc5 41. Bc6 Rd3 42. Kg2 Rd2 43. Qe1 Qd4 44. Qe7 Kg8 45. Qe6+ Kh8 46. Qf5 Qf6 47. Qxf6 gxf6 48. b6 Rb2 49. b7 Kg7 50. g4 Rdd2 51. Kg3 Kf7 52. Ra1 Rb6 53. Ra8 Rdb2 54. Bd5+ Kg7 55. Rg8+ Kh7 56. Rf8 R2b5 57. Rf7+ Kh8 58. f3 Rb4 59. Be4 Kg8 60. Rd7 R4b5 61. Kf4 Kh8 62. Rh7+ Kg8 63. Rc7 Kh8 64. Rc6 Rxb7 65. Rc8+ Kg7 66. Bxb7 Rxb7 67. Rc6 Rb4+ 68. Kg3 Rb5 69. h5 Rb7 70. f4 Rb3+ 71. Kh4 Rf3 72. h6+ Kxh6 73. Rxf6+ Kg7 74. Kg5 Ra3 75. Rb6 Ra5+ 76. f5 Ra7 77. Rb5 Rc7 78. f6+ Kf7 79. Kf5 Ra7 80. g5 Ra8 81. g6+ Kg8 82. Kg5 Rf8 83. Rb7 Ra8 84. Kh6 Rc8 85. f7+ 1-0

[Event "GRENKE Chess Open 2024"]
[Site "Karlsruhe"]
[Date "2024.03.30"]
[Round "5.9"]
[White "Yi, Danny"]
[Black "Bochnicka, Vladimir"]
[Result "0-1"]
[WhiteElo "2253"]
[BlackElo "2413"]
[Annotator "TA"]
[PlyCount "62"]
[EventDate "2024.03.28"]
[EventType "swiss"]
[EventCountry "GER"]
[SourceTitle "playchess.com"]
[Source "ChessBase"]
[SourceQuality "1"]

1. e4 c5 2. Ne2 Nc6 3. Nbc3 e5 4. g3 g6 5. Bg2 Bg7 6. d3 Nge7 7. O-O O-O 8. Nd5 Nxd5 9. exd5 Ne7 10. c3 d6 11. d4 exd4 12. cxd4 c4 13. Qa4 Qc7 14. Bg5 Bd7 15. Qb4 Nf5 16. Rac1 b5 17. b3 Rfe8 18. Rfe1 Rac8 19. bxc4 bxc4 20. Bf4 a5 21. Qd2 Qa7 22. Be3 a4 23. Rc3 Qa5 24. Qc1 Bf6 25. Rd1 Qb4 26. Nf4 a3 27. Bf1 Qb2 28. Rxa3 c3 29. Nd3 Qxc1 30. Nxc1 Nxe3 31. fxe3 Bg5 0-1

[Event "GRENKE Chess Open 2024"]
[Site "Karlsruhe"]
[Date "2024.03.30"]
[Round "5.10"]
[White "Ivic, Velimir"]
[Black "Decuigniere, Tom"]
[Result "1-0"]
[WhiteElo "2582"]
[BlackElo "2402"]
[Annotator "TA"]
[PlyCount "117"]
[EventDate "2024.03.28"]
[EventType "swiss"]
[EventCountry "GER"]
[SourceTitle "playchess.com"]
[Source "ChessBase"]
[SourceQuality "1"]

1. e4 c5 2. Nf3 d6 3. Nc3 Nf6 4. d4 cxd4 5. Nxd4 a6 6. Bd3 g6 7. Be2 Bg7 8. Be3 O-O 9. Qd2 Nc6 10. Nb3 b5 11. f3 Be6 12. O-O-O Qc7 13. h4 Rfb8 14. h5 Na5 15. hxg6 Bxb3 16. axb3 b4 17. gxf7+ Kxf7 18. Bd4 e5 19. Be3 bxc3 20. Qxd6 cxb2+ 21. Kb1 Qxd6 22. Rxd6 Bf8 23. Rxa6 Rxa6 24. Bxa6 Ra8 25. Bf1 Ba3 26. g4 Kg7 27. Be2 Nc6 28. c3 Bc5 29. Bh6+ Kg6 30. Kxb2 Nd4 31. cxd4 Bxd4+ 32. Kc2 Nd7 33. Bc1 Ra2+ 34. Kd1 Nc5 35. Bc4 Ra1 36. Kc2 Ra2+ 37. Kd1 Ra1 38. Re1 h5 39. gxh5+ Kxh5 40. b4 Na4 41. Kc2 Kh4 42. Rd1 Nb6 43. Be6 Ra7 44. Kd3 Rc7 45. Bd2 Na4 46. Rc1 Rg7 47. Rh1+ Kg3 48. Be3 Nb2+ 49. Ke2 Rc7 50. Rc1 Rb7 51. Rg1+ Kh2 52. Bxd4 exd4 53. Kf1 Rxb4 54. Rg2+ Kh1 55. Rg1+ Kh2 56. Rg2+ Kh1 57. Rd2 Na4 58. Bd5 Nc3 59. f4 1-0

[Event "GRENKE Chess Open 2024"]
[Site "Karlsruhe"]
[Date "2024.03.30"]
[Round "5.10"]
[White "Yelisieiev, Yevhenii"]
[Black "Albert, Markus"]
[Result "1-0"]
[WhiteElo "2411"]
[BlackElo "2264"]
[Annotator "TA"]
[PlyCount "93"]
[EventDate "2024.03.28"]
[EventType "swiss"]
[EventCountry "GER"]
[SourceTitle "playchess.com"]
[Source "ChessBase"]
[SourceQuality "1"]

1. d4 Nf6 2. Nf3 b6 3. c4 e6 4. a3 Bb7 5. Nc3 Be7 6. Qc2 d5 7. cxd5 exd5 8. Bf4 c6 9. h3 O-O 10. e3 Nbd7 11. Bd3 Re8 12. g4 c5 13. Nb5 cxd4 14. Nfxd4 Bf8 15. Bc7 Qc8 16. Rc1 Ne4 17. Bf4 Qxc2 18. Rxc2 Rec8 19. Nc7 Rab8 20. Bb5 Ndf6 21. Nc6 Bxc6 22. Rxc6 Bd6 23. Bxd6 Nxd6 24. Ba6 Rd8 25. O-O Kf8 26. Rd1 Nde4 27. b4 Rd7 28. Nb5 Rbd8 29. Kg2 Ne8 30. Bc8 Re7 31. Bf5 N4f6 32. g5 Re5 33. gxf6 Rxf5 34. fxg7+ Kxg7 35. Nxa7 Nf6 36. Rxb6 Rg8 37. f4 Ne4 38. Kh2 Re8 39. Nc6 Rf6 40. Rxd5 Nc3 41. Rg5+ Kf8 42. Ne5 Rxb6 43. Nd7+ Ke7 44. Nxb6 Kf8 45. Nc4 Re4 46. Rc5 Nd1 47. a4 1-0

[Event "GRENKE Chess Open 2024"]
[Site "Karlsruhe"]
[Date "2024.03.30"]
[Round "5.10"]
[White "Pasti, Aron"]
[Black "Kozul, Zdenko"]
[Result "*"]
[WhiteElo "2373"]
[BlackElo "2529"]
[Annotator "TA"]
[PlyCount "29"]
[EventDate "2024.03.28"]
[EventType "swiss"]
[EventCountry "GER"]
[SourceTitle "playchess.com"]
[Source "ChessBase"]
[SourceQuality "1"]

1. e4 c5 2. Nf3 d6 3. Nc3 Nf6 4. d4 cxd4 5. Nxd4 a6 6. Bd3 g6 7. Be2 Bg7 8. Be3 O-O 9. Qd2 Nc6 10. Nb3 b5 11. f3 Be6 12. O-O-O Qc7 13. h4 Rfb8 14. h5 Na5 15. hxg6 *

[Event "GRENKE Chess Open 2024"]
[Site "Karlsruhe"]
[Date "2024.03.30"]
[Round "5.10"]
[White "Karamsetty, Jeevan"]
[Black "Braun, Vitali"]
[Result "1-0"]
[WhiteElo "2187"]
[BlackElo "2344"]
[Annotator "RC"]
[PlyCount "65"]
[EventDate "2024.03.28"]
[EventType "swiss"]
[EventCountry "GER"]
[SourceTitle "playchess.com"]
[Source "ChessBase"]
[SourceQuality "1"]

1. e4 e6 2. b3 b6 3. Bb2 Bb7 4. d3 d5 5. Nd2 Nf6 6. e5 Nfd7 7. Qg4 g6 8. f4 Bg7 9. Qe2 Nc6 10. c3 g5 11. d4 gxf4 12. Qg4 Bh6 13. Nh3 Ne7 14. Qh5 Bg7 15. Nxf4 Ng6 16. g3 Qe7 17. Bd3 O-O-O 18. Rf1 Rdg8 19. Qe2 Nxf4 20. Rxf4 f6 21. exf6 Bxf6 22. O-O-O e5 23. dxe5 Bxe5 24. Bf5 Rg7 25. Re1 Re8 26. Qh5 Kd8 27. Bxd7 Bxf4 28. Qxe8+ Qxe8 29. Bxe8 Bg5 30. Bh5 c5 31. Kc2 Bc8 32. Re5 Bb7 33. Bf3 1-0

[Event "GRENKE Chess Open 2024"]
[Site "Karlsruhe"]
[Date "2024.03.30"]
[Round "5.11"]
[White "Krause, Benedict"]
[Black "Herbrig, Alexander"]
[Result "1/2-1/2"]
[WhiteElo "2406"]
[BlackElo "2249"]
[Annotator "TA"]
[PlyCount "38"]
[EventDate "2024.03.28"]
[EventType "swiss"]
[EventCountry "GER"]
[SourceTitle "playchess.com"]
[Source "ChessBase"]
[SourceQuality "1"]

1. e4 c5 2. Nf3 d6 3. d4 cxd4 4. Nxd4 Nf6 5. Nc3 Nc6 6. Bg5 Bd7 7. Qd3 Rc8 8. Nxc6 Rxc6 9. O-O-O Qa5 10. Bd2 Ng4 11. Qg3 h5 12. f3 h4 13. Qe1 Ne5 14. b3 g6 15. Kb1 Bg7 16. Nd5 Qd8 17. c4 e6 18. Ne3 Nd3 19. Bxd3 Qf6 1/2-1/2

[Event "GRENKE Chess Open 2024"]
[Site "Karlsruhe"]
[Date "2024.03.30"]
[Round "5.11"]
[White "Sowinski, Pawel"]
[Black "Meshkovs, Nikita"]
[Result "1/2-1/2"]
[WhiteElo "2387"]
[BlackElo "2556"]
[Annotator "TA"]
[PlyCount "113"]
[EventDate "2024.03.28"]
[EventType "swiss"]
[EventCountry "GER"]
[SourceTitle "playchess.com"]
[Source "ChessBase"]
[SourceQuality "1"]

1. e4 c5 2. Nc3 Nc6 3. Bb5 Nd4 4. Bc4 e6 5. Nf3 a6 6. Nxd4 cxd4 7. Ne2 Nf6 8. d3 d5 9. exd5 Nxd5 10. Nxd4 Nb6 11. Nf3 Nxc4 12. dxc4 Qc7 13. Qd4 b5 14. cxb5 axb5 15. Bf4 Qc5 16. O-O-O f6 17. Kb1 Kf7 18. Qxc5 Bxc5 19. Be3 Bxe3 20. fxe3 e5 21. Rhf1 Ke7 22. b3 Bb7 23. Kb2 Ra7 24. Rd2 Rha8 25. Ra1 g5 26. Ne1 h5 27. Nd3 h4 28. Nb4 Be4 29. Rad1 Rc8 30. Nd5+ Ke6 31. Nc3 Bc6 32. Rd6+ Ke7 33. R6d2 Rca8 34. b4 g4 35. g3 hxg3 36. hxg3 Rh8 37. e4 Rh3 38. Rd3 Rc7 39. R1d2 Rh1 40. Rd1 Rh3 41. a3 Rc8 42. R1d2 Rc7 43. Re3 Rh1 44. Nd1 Rd7 45. Rxd7+ Bxd7 46. Nc3 Rf1 47. Rd3 Bc6 48. a4 bxa4 49. b5 Bb7 50. b6 f5 51. exf5 Rxf5 52. Nxa4 e4 53. Rc3 Kd6 54. Kc1 Rb5 55. Rb3 Ra5 56. Nb2 Kc5 57. Kd2 1/2-1/2

[Event "GRENKE Chess Open 2024"]
[Site "Karlsruhe"]
[Date "2024.03.30"]
[Round "5.11"]
[White "Kopylov, Michael"]
[Black "Gavrilescu, David"]
[Result "*"]
[WhiteElo "2352"]
[BlackElo "2524"]
[Annotator "TA"]
[PlyCount "31"]
[EventDate "2024.03.28"]
[EventType "swiss"]
[EventCountry "GER"]
[SourceTitle "playchess.com"]
[Source "ChessBase"]
[SourceQuality "1"]

1. e4 c5 2. Nc3 Nc6 3. Bb5 Nd4 4. Bc4 e6 5. Nf3 a6 6. Nxd4 cxd4 7. Ne2 Nf6 8. d3 d5 9. exd5 Nxd5 10. Nxd4 Nb6 11. Nf3 Nxc4 12. dxc4 Qc7 13. Qd4 b5 14. cxb5 axb5 15. Bf4 Qc5 16. O-O-O *

[Event "GRENKE Chess Open 2024"]
[Site "Karlsruhe"]
[Date "2024.03.30"]
[Round "5.11"]
[White "Skibbe, Willi"]
[Black "Baranciuc, Alexandr"]
[Result "0-1"]
[WhiteElo "2184"]
[BlackElo "2336"]
[Annotator "RC"]
[PlyCount "78"]
[EventDate "2024.03.28"]
[EventType "swiss"]
[EventCountry "GER"]
[SourceTitle "playchess.com"]
[Source "ChessBase"]
[SourceQuality "1"]

1. d4 d5 2. Nf3 Nf6 3. e3 c5 4. Nbd2 cxd4 5. exd4 Bg4 6. h3 Bh5 7. Bb5+ Nbd7 8. O-O e6 9. Re1 Bd6 10. c3 O-O 11. Be2 Qc7 12. Ne5 Bxe2 13. Qxe2 b5 14. a4 b4 15. c4 dxc4 16. Ndxc4 Nb6 17. b3 Nxc4 18. Nxc4 Rfd8 19. Bg5 Be7 20. Rad1 Nd5 21. Bxe7 Qxe7 22. Qg4 Rac8 23. Rd3 Nf6 24. Qf4 Rd5 25. Ne3 Rdd8 26. d5 exd5 27. Red1 Qc5 28. Nf5 Rc6 29. Qg5 Qf8 30. Rg3 g6 31. Rf3 Rd7 32. Nd4 Ne4 33. Qe5 Rc8 34. Ne6 Re7 35. Nxf8 Rxe5 36. Nd7 Rg5 37. Rd4 Kg7 38. Rxb4 Rc1+ 39. Kh2 Nd2 0-1

[Event "GRENKE Chess Open 2024"]
[Site "Karlsruhe"]
[Date "2024.03.30"]
[Round "5.12"]
[White "Vogel, Roven"]
[Black "De Boer, Eelke"]
[Result "*"]
[WhiteElo "2521"]
[BlackElo "2395"]
[Annotator "RC"]
[PlyCount "36"]
[EventDate "2024.03.28"]
[EventType "swiss"]
[EventCountry "GER"]
[SourceTitle "playchess.com"]
[Source "ChessBase"]
[SourceQuality "1"]

1. Nf3 d5 2. d4 Nf6 3. c4 c6 4. e3 Bf5 5. Nc3 e6 6. Be2 Be7 7. Nh4 Be4 8. Nf3 Bg6 9. Nh4 Nbd7 10. Nxg6 hxg6 11. Bd2 a6 12. g3 dxc4 13. Bxc4 c5 14. Bb3 cxd4 15. exd4 Nb6 16. Qf3 Qd7 17. Be3 Rc8 18. Rd1 Bb4 *

[Event "GRENKE Chess Open 2024"]
[Site "Karlsruhe"]
[Date "2024.03.30"]
[Round "5.12"]
[White "Gschiel, Alexander"]
[Black "Haufe, Laurin"]
[Result "1-0"]
[WhiteElo "2336"]
[BlackElo "2171"]
[Annotator "RC"]
[PlyCount "119"]
[EventDate "2024.03.28"]
[EventType "swiss"]
[EventCountry "GER"]
[SourceTitle "playchess.com"]
[Source "ChessBase"]
[SourceQuality "1"]

1. d4 Nf6 2. Nf3 c5 3. e3 e6 4. Bd3 d5 5. b3 b6 6. O-O Be7 7. Bb2 O-O 8. Qe2 Ne4 9. Rd1 Qe8 10. c4 Bb7 11. cxd5 exd5 12. Nc3 Bf6 13. Rac1 Qe7 14. Bb1 Nd7 15. dxc5 Nxc3 16. Bxc3 bxc5 17. Qd3 g6 18. Qb5 Bxc3 19. Qxb7 Bb2 20. Rc2 Bf6 21. Rxd5 Nb6 22. Qxe7 Bxe7 23. Rd1 Rfd8 24. Rdc1 Rd7 25. Kf1 c4 26. Ke2 cxb3 27. axb3 Ba3 28. Rd1 Rxd1 29. Kxd1 Rd8+ 30. Ke2 Nd5 31. Nd4 Rb8 32. Rc6 Bb2 33. Be4 Nc3+ 34. Kd3 Nxe4 35. Kxe4 Bxd4 36. exd4 Rxb3 37. Rc8+ Kg7 38. d5 Kf6 39. Rc6+ Ke7 40. Rc7+ Kd6 41. Rxf7 Rb4+ 42. Kf3 a5 43. Rxh7 Kxd5 44. Rg7 Rb6 45. Ra7 Rb5 46. Ra6 g5 47. Kg4 Ke4 48. g3 Rc5 49. h4 gxh4 50. gxh4 Rc2 51. f3+ Kd5 52. h5 a4 53. h6 Rg2+ 54. Kf5 Rh2 55. Ra5+ Kd6 56. Rxa4 Ke7 57. Kg6 Kf8 58. Ra8+ Ke7 59. h7 Rg2+ 60. Kf5 1-0

[Event "GRENKE Chess Open 2024"]
[Site "Karlsruhe"]
[Date "2024.03.30"]
[Round "5.12"]
[White "Weihrauch, Jakob"]
[Black "Baum, Jonasz"]
[Result "0-1"]
[WhiteElo "2248"]
[BlackElo "2400"]
[Annotator "TA"]
[PlyCount "40"]
[EventDate "2024.03.28"]
[EventType "swiss"]
[EventCountry "GER"]
[SourceTitle "playchess.com"]
[Source "ChessBase"]
[SourceQuality "1"]

1. e4 e5 2. Nf3 Nc6 3. Bc4 Bc5 4. O-O Nf6 5. d3 d6 6. c3 a5 7. Re1 Ba7 8. Bb3 O-O 9. h3 Be6 10. Bxe6 fxe6 11. d4 Qe8 12. Be3 Nh5 13. dxe5 Nxe5 14. Nxe5 Bxe3 15. Rxe3 dxe5 16. g3 Rd8 17. Qe2 Qg6 18. Kh2 Qf7 19. Kg2 Rd1 20. a4 Rfd8 0-1

[Event "GRENKE Chess Open 2024"]
[Site "Karlsruhe"]
[Date "2024.03.30"]
[Round "5.13"]
[White "Zuferi, Enis"]
[Black "Leeb, Simon"]
[Result "1-0"]
[WhiteElo "2400"]
[BlackElo "2248"]
[Annotator "RC"]
[PlyCount "97"]
[EventDate "2024.03.28"]
[EventType "swiss"]
[EventCountry "GER"]
[SourceTitle "playchess.com"]
[Source "ChessBase"]
[SourceQuality "1"]

1. d4 d5 2. c4 c6 3. Nf3 Nf6 4. g3 Bf5 5. Nc3 e6 6. Nh4 Be4 7. f3 Bg6 8. Qb3 Qb6 9. c5 Qxb3 10. axb3 Na6 11. Bf4 Nd7 12. e4 Nb4 13. Kd2 e5 14. Bxe5 Nxe5 15. dxe5 O-O-O 16. exd5 Nxd5 17. Nxg6 hxg6 18. Ne4 f6 19. Rxa7 Kb8 20. Ra5 b6 21. Ra1 Bxc5 22. Nxc5 bxc5 23. Rc1 Rhe8 24. Re1 fxe5 25. Bc4 Nb4+ 26. Ke2 g5 27. Rd1 Rd4 28. h4 gxh4 29. Rxh4 Kc7 30. Rh7 Re7 31. Ra1 Kd6 32. Ra8 e4 33. fxe4 Rexe4+ 34. Kf3 Re7 35. Rg8 Nd3 36. Rhxg7 Rxg7 37. Rxg7 Nxb2 38. Rg6+ Kc7 39. Rg4 Nxc4 40. bxc4 Kd6 41. Re4 Rd1 42. g4 Rf1+ 43. Kg3 Rg1+ 44. Kf4 Rf1+ 45. Kg5 Rf8 46. Kg6 Kc7 47. g5 Rd8 48. Kf6 Rf8+ 49. Ke7 1-0

[Event "GRENKE Chess Open 2024"]
[Site "Karlsruhe"]
[Date "2024.03.30"]
[Round "5.13"]
[White "Wenninger, Philipp"]
[Black "Parkhov, Yair"]
[Result "*"]
[WhiteElo "2348"]
[BlackElo "2518"]
[Annotator "RC"]
[PlyCount "48"]
[EventDate "2024.03.28"]
[EventType "swiss"]
[EventCountry "GER"]
[SourceTitle "playchess.com"]
[Source "ChessBase"]
[SourceQuality "1"]

1. e4 c5 2. Nf3 d6 3. d4 cxd4 4. Nxd4 Nf6 5. Nc3 Nc6 6. Bg5 e6 7. Qd2 a6 8. O-O-O Bd7 9. f4 b5 10. Bxf6 gxf6 11. Kb1 Qb6 12. Nxc6 Bxc6 13. f5 h5 14. fxe6 fxe6 15. Qe1 O-O-O 16. Bd3 Kb8 17. Rf1 Bg7 18. Ne2 Qc5 19. c3 Bb7 20. Nd4 Rhe8 21. Bc2 Bh8 22. a4 bxa4 23. Bxa4 Re7 24. Bc2 Qc7 *

[Event "GRENKE Chess Open 2024"]
[Site "Karlsruhe"]
[Date "2024.03.30"]
[Round "5.13"]
[White "Kulon, Klaudia"]
[Black "Milat, Marcel"]
[Result "1-0"]
[WhiteElo "2335"]
[BlackElo "2170"]
[Annotator "RC"]
[PlyCount "68"]
[EventDate "2024.03.28"]
[EventType "swiss"]
[EventCountry "GER"]
[SourceTitle "playchess.com"]
[Source "ChessBase"]
[SourceQuality "1"]

1. c4 e5 2. g3 Nf6 3. Bg2 d5 4. cxd5 Nxd5 5. Nc3 Nb6 6. e3 Be7 7. Nge2 O-O 8. O-O Nc6 9. f4 Qd3 10. fxe5 Nxe5 11. Nf4 Qd8 12. d4 Ng6 13. e4 c6 14. b3 a5 15. a3 Bg4 16. Qd3 Nxf4 17. gxf4 Be6 18. d5 f5 19. Rd1 fxe4 20. Bxe4 Nxd5 21. Nxd5 Bxd5 22. Bxh7+ Kh8 23. Qh3 Bh4 24. Bg6 Kg8 25. Rxd5 cxd5 26. Qe6+ Kh8 27. Qg4 Kg8 28. Qh5 Rf6 29. Qh7+ Kf8 30. Qh8+ Ke7 31. Qxh4 Qb6+ 32. Kg2 Rh8 33. Qg5 Qxb3 34. h4 Rc8 1-0

[Event "GRENKE Chess Open 2024"]
[Site "Karlsruhe"]
[Date "2024.03.30"]
[Round "5.14"]
[White "Sofronie, Iulian"]
[Black "Bogdanov, Artyom"]
[Result "1/2-1/2"]
[WhiteElo "2395"]
[BlackElo "2243"]
[Annotator "RC"]
[PlyCount "134"]
[EventDate "2024.03.28"]
[EventType "swiss"]
[EventCountry "GER"]
[SourceTitle "playchess.com"]
[Source "ChessBase"]
[SourceQuality "1"]

1. d4 Nf6 2. Bf4 d5 3. e3 Bf5 4. c4 e6 5. Nc3 Bb4 6. Rc1 O-O 7. Nge2 dxc4 8. Ng3 Bxc3+ 9. bxc3 Nd5 10. Bxc4 Nxf4 11. exf4 Nd7 12. O-O Nf6 13. Re1 c6 14. Bb3 h6 15. Qf3 Qd7 16. Re5 Rfe8 17. Rce1 Ng4 18. R5e2 Nf6 19. h3 Bg6 20. Re5 Rac8 21. Nf1 Nd5 22. g4 f6 23. R5e2 Kf8 24. Ng3 Qc7 25. f5 exf5 26. Rxe8+ Rxe8 27. Rxe8+ Bxe8 28. Bxd5 fxg4 29. hxg4 cxd5 30. Qxd5 Bf7 31. Qb5 Qxc3 32. Nf5 Qc1+ 33. Kg2 Qc6+ 34. Qxc6 bxc6 35. a3 Be6 36. Ne3 Ke7 37. Kf3 Kd6 38. Ke4 g6 39. f4 Bd5+ 40. Kd3 Ke6 41. f5+ Kf7 42. Ke2 gxf5 43. gxf5 Be4 44. Kf2 h5 45. Kg3 Ke7 46. Kh4 Bf3 47. Nf1 Bg4 48. Ng3 Kf7 49. Nxh5 Bxf5 50. Kg3 Bg6 51. Nf4 Be4 52. Kf2 Ke7 53. Ke3 f5 54. Ne2 Kd6 55. Nc3 Bc2 56. Kf4 a6 57. Ke3 c5 58. Ne2 c4 59. Nc3 Ke6 60. Kf4 Kf6 61. Nd5+ Ke6 62. Nc3 Bd3 63. Kg5 Be4 64. Kf4 Bc6 65. Kg5 Be4 66. Kf4 Bb7 67. Kg5 Bc6 1/2-1/2

[Event "GRENKE Chess Open 2024"]
[Site "Karlsruhe"]
[Date "2024.03.30"]
[Round "5.14"]
[White "Knuedel, Torben"]
[Black "Dann, Matthias"]
[Result "*"]
[WhiteElo "2299"]
[BlackElo "2476"]
[Annotator "RC"]
[PlyCount "36"]
[EventDate "2024.03.28"]
[EventType "swiss"]
[EventCountry "GER"]
[SourceTitle "playchess.com"]
[Source "ChessBase"]
[SourceQuality "1"]

1. d4 d5 2. c4 e6 3. Nf3 Nf6 4. g3 Bb4+ 5. Bd2 Bd6 6. Bg2 c6 7. Qc2 Nbd7 8. O-O O-O 9. Rd1 Qe7 10. b3 Ne4 11. Be1 f5 12. Nc3 g5 13. Rab1 a5 14. Nd2 Nef6 15. Nf3 Ne4 16. Nd2 Ndf6 17. Ncxe4 fxe4 18. f3 e5 *

[Event "GRENKE Chess Open 2024"]
[Site "Karlsruhe"]
[Date "2024.03.30"]
[Round "5.14"]
[White "Sabirov, Rafael"]
[Black "Pigeat, Alexandre"]
[Result "0-1"]
[WhiteElo "2179"]
[BlackElo "2333"]
[Annotator "RC"]
[PlyCount "94"]
[EventDate "2024.03.28"]
[EventType "swiss"]
[EventCountry "GER"]
[SourceTitle "playchess.com"]
[Source "ChessBase"]
[SourceQuality "1"]

1. e4 e6 2. d4 d5 3. Nc3 Bb4 4. e5 Ne7 5. a3 Bxc3+ 6. bxc3 b6 7. Qg4 Ng6 8. h4 h5 9. Qg3 Ba6 10. Bxa6 Nxa6 11. Ne2 Qd7 12. Bg5 Qa4 13. Ra2 Kd7 14. O-O Raf8 15. Qd3 Ne7 16. Bxe7 Kxe7 17. f4 c5 18. Raa1 g6 19. f5 gxf5 20. Nf4 c4 21. Qe2 Rfg8 22. Kh2 Rg4 23. g3 Nc7 24. Rf3 Kd7 25. Kh3 Kc6 26. Qd2 Kb7 27. Qc1 Na6 28. Rb1 Nb8 29. Rb4 Qa5 30. Qb2 Na6 31. Rb5 Qa4 32. Rf1 Nc7 33. Rb4 Qe8 34. a4 Qg8 35. Rf3 Rxh4+ 36. Kg2 Rg4 37. a5 Na8 38. Qa1 h4 39. Qa4 Rxg3+ 40. Rxg3 Qxg3+ 41. Kh1 Qf3+ 42. Kh2 Qxf4+ 43. Kh1 Qf3+ 44. Kh2 h3 45. Qd7+ Kb8 46. Qd6+ Nc7 47. axb6 Qg2# 0-1

[Event "GRENKE Chess Open 2024"]
[Site "Karlsruhe"]
[Date "2024.03.30"]
[Round "5.15"]
[White "Vogel, Roven"]
[Black "De Boer, Eelke"]
[Result "1-0"]
[WhiteElo "2521"]
[BlackElo "2395"]
[Annotator "TA"]
[PlyCount "47"]
[EventDate "2024.03.28"]
[EventType "swiss"]
[EventCountry "GER"]
[SourceTitle "playchess.com"]
[Source "ChessBase"]
[SourceQuality "1"]

1. Nf3 d5 2. e3 Nf6 3. c4 e6 4. b3 Bd6 5. Bb2 Nbd7 6. Nc3 c6 7. Qc2 a6 8. d4 O-O 9. Be2 b5 10. O-O Bb7 11. c5 Bc7 12. b4 e5 13. dxe5 Nxe5 14. Rad1 Qb8 15. Nxe5 Bxe5 16. f4 Bc7 17. Rf3 a5 18. Nxb5 cxb5 19. Bxf6 Ra6 20. Bd4 axb4 21. Rh3 f5 22. Bxb5 Rg6 23. Bd3 Rc8 24. Rh5 1-0

[Event "GRENKE Chess Open 2024"]
[Site "Karlsruhe"]
[Date "2024.03.30"]
[Round "5.15"]
[White "Feuerstack, Aljoscha"]
[Black "Faerber, David"]
[Result "*"]
[WhiteElo "2471"]
[BlackElo "2394"]
[Annotator "RC"]
[PlyCount "41"]
[EventDate "2024.03.28"]
[EventType "swiss"]
[EventCountry "GER"]
[SourceTitle "playchess.com"]
[Source "ChessBase"]
[SourceQuality "1"]

1. Nf3 d5 2. e3 Nf6 3. c4 e6 4. b3 Bd6 5. Bb2 Nbd7 6. Nc3 c6 7. Qc2 a6 8. d4 O-O 9. Be2 b5 10. O-O Bb7 11. c5 Bc7 12. b4 e5 13. dxe5 Nxe5 14. Rad1 Qb8 15. Nxe5 Bxe5 16. f4 Bc7 17. Rf3 a5 18. Nxb5 cxb5 19. Bxf6 Ra6 20. Bd4 axb4 21. Rh3 *

[Event "GRENKE Chess Open 2024"]
[Site "Karlsruhe"]
[Date "2024.03.30"]
[Round "5.15"]
[White "Cukrowski, Filip"]
[Black "Besou, Hussain"]
[Result "1/2-1/2"]
[WhiteElo "2394"]
[BlackElo "2239"]
[Annotator "RC"]
[PlyCount "38"]
[EventDate "2024.03.28"]
[EventType "swiss"]
[EventCountry "GER"]
[SourceTitle "playchess.com"]
[Source "ChessBase"]
[SourceQuality "1"]

1. d4 Nf6 2. c4 e6 3. Nf3 b6 4. g3 Ba6 5. Qc2 c5 6. d5 exd5 7. cxd5 Bb7 8. Bg2 Nxd5 9. O-O Nc6 10. Rd1 Be7 11. Qf5 Nf6 12. e4 g6 13. Qf4 O-O 14. e5 Nh5 15. Qc4 Qc7 16. Bh6 Ng7 17. Nc3 Nxe5 18. Nxe5 Bxg2 19. Rxd7 Qxe5 1/2-1/2